000 01065cam a22003257a 4500
003 CHAP
005 20220329142756.0
008 030904d2003 mx r 00110 spa d
010 _a87644
011 _a88616
020 _a968555207X
035 _a99161
040 _cCHAP
090 _aFolleto 16609
110 1 _aInstituto Nacional de las Mujeres. México
_959381
245 1 0 _aPrograma nacional por una vida sin violencia 2002-2006
_c/por Instituto Nacional de las Mujeres
260 _aMéxico, D.F. :
_bInstituto Nacional de las Mujeres,
_c2003.
300 _a55 h.
590 _aBATCH-UPD
_b10
_c20130110
_lUCH01
_h1014
590 _aBATCH-UPD
_b10
_c20130410
_lUCH01
_h0621
590 _aBATCH-UPD
_b10
_c20130914
_lUCH01
_h1833
590 _aCONVERSION
_b10
_c20130109
_lUCH01
_h1349
650 1 4 _aMujer
_xDerechos.
_979319
650 1 4 _aMujer
_xSituación social
_zMéxico.
_979341
650 1 4 _aViolencia.
_9119891
901 _aBK
905 _aMayto Villalobos S.
942 _cFOLL
949 _aFolleto 16609
_bBC
_cFOLL
_d33724002001082
_eTS1
_i99161
_sb
999 _c87644
_d87644